000 01372nam a22003737a 4500
003 CHAP
005 20220329143127.0
008 060602d2006 mx a r 00110 spa d
010 _a92329
011 _a93301
035 _a103873
040 _cCHAP
090 _aTesis
100 1 _aChávez Martínez, Felipe.
_922725
245 1 0 _aDeficiencias nutrimentales en chile manzano (Capsicum pubescens R y P)
_c/por Felipe Chávez Martínez
260 _aChapingo, Méx. :
_bEl autor,
_c2006.
300 _a62 h. : ilus. Gráfs.; cuadros.
502 _aTesis (Ing. Agr. Esp. en Fitotecnia) - - UACH. Departamento de Fitotecnia
590 _aALEPH
_b10
_c20130110
_lUCH01
_h1512
590 _aBATCH-UPD
_b10
_c20130110
_lUCH01
_h0327
590 _aBATCH-UPD
_b10
_c20130110
_lUCH01
_h2025
590 _aBATCH-UPD
_b10
_c20130410
_lUCH01
_h0000
590 _aBATCH-UPD
_b10
_c20130914
_lUCH01
_h0924
590 _aCONVERSION
_b10
_c20130109
_lUCH01
_h1351
650 1 4 _aChile (Botánica)
_xEnfermedades.
_922353
650 1 4 _aChile manzano
_xFisiología y morfología.
_922455
650 1 4 _aClorosis (Plantas)
_923904
650 1 4 _aPlantas
_xDeficiencias nutritivas.
_988812
901 _aBK
905 _aElisama A. H.
942 _cFOLL
949 _atesis
_bBC
_cTES
_d00000000103873
_eTS1
_h45403
_i103873
_sb
949 _atesis
_bBC
_cTES
_d33724000877353
_eTS2
_fc.2
_h45404
_i103873
_sm
999 _c92329
_d92329